Cost analysis of transport
Logistická divízia Ozbrojených síl ČR. Analýza aktivít a nákladov obnovovacieho tímu. Porovnanie nákladov operácií tansportu z vlastných zdrojov s nákladmi operácií zariadení vypožičanými z civilného sektora. Logistic information system ako základný nástroj analýzy.
Salvato in:
| Autore principale: | |
|---|---|
| Natura: | Capitolo di libro |
| Lingua: | inglese |
| Soggetti: | |
| Tags: |
Nessun Tag, puoi essere il primo ad aggiungerne!!
|
MARC
| LEADER | 00000naa a2200000 4500 | ||
|---|---|---|---|
| 001 | 0184329 | ||
| 005 | 20231106130959.1 | ||
| 041 | 0 | |a eng | |
| 044 | |a SK | ||
| 245 | 1 | 0 | |a Cost analysis of transport |c Milan Zelenák |
| 520 | |a Logistická divízia Ozbrojených síl ČR. Analýza aktivít a nákladov obnovovacieho tímu. Porovnanie nákladov operácií tansportu z vlastných zdrojov s nákladmi operácií zariadení vypožičanými z civilného sektora. Logistic information system ako základný nástroj analýzy. | ||
| 610 | 2 | 0 | |a analýza nákladov |
| 610 | 2 | 0 | |a armáda |
| 610 | 2 | 0 | |a preprava |
| 610 | 2 | 0 | |a tranzit |
| 100 | 1 | |a Zelenák, Milan | |